000 00321 a2200157 4500
001 61765
020 _a
040 _cAnchieta - Pituba
100 _aBaleeiro, Vilma
240 1 0 _aCidadã do mundo
_lpor
245 1 0 _aCidadã do mundo
300 _a70
362 0 _a1985
650 4 _aPoesia brasileira
942 _cBK
999 _c61765
_d61765